[Event "Northern Michigan Open"]
[Site "Gaylord, MI"]
[Date "1997.07.19"]
[Round "3.10"]
[White "Priebe, Raymond"]
[Black "Gatesy, Matthew"]
[Result "0-1"]
[WhiteElo "1360"]
[BlackElo "1132"]
[PlyCount "92"]
[EventDate "1997.07.19"]

1. Nf3 d5 2. e3 Bg4 3. b3 Nc6 4. Bb2 e6 5. Be2 Nf6 6. O-O Bd6 7. d3 O-O 8. Nbd2
Nh5 9. c4 Ne7 10. Qc2 c6 11. c5 Bc7 12. d4 Ng6 13. e4 Nh4 14. exd5 exd5 15. Bd3
Nxf3+ 16. Nxf3 Bxf3 17. Bxh7+ Kh8 18. gxf3 Qg5+ 19. Kh1 Qh4 20. f4 Bxf4 21. f3
Ng3+ 22. Kg1 Nxf1 23. Rxf1 Qxh7 24. Qg2 Qg6 25. Qg4 Qxg4+ 26. fxg4 Be3+ 27. Kg2
f6 28. Kf3 Bg5 29. Kg3 g6 30. h4 Bh6 31. Rf2 Rae8 32. Rf3 f5 33. g5 f4+ 34. Kg4
Bg7 35. h5 gxh5+ 36. Kxh5 Rf5 37. Kg4 Rff8 38. Bc1 Re4 39. Kh5 Bxd4 40. Rh3 Kg7
41. Kg4 f3+ 42. Kg3 Be5+ 43. Kf2 Re2+ 44. Kf1 f2 45. g6 Re1+ 46. Kg2 f1=Q# 0-1

[Event "Northern Michigan Open"]
[Site "Gaylord, MI"]
[Date "1997.07.19"]
[Round "1.3"]
[White "Priebe, Raymond"]
[Black "Garrison, Ray"]
[Result "0-1"]
[WhiteElo "1360"]
[BlackElo "1923"]
[PlyCount "47"]
[EventDate "1997.07.19"]

1. e4 e6 2. d4 d5 3. Nd2 Nf6 4. e5 Nfd7 5. Ngf3 c5 6. c3 Nc6 7. Bb5 Qb6 8. Qa4
cxd4 9. cxd4 f6 10. exf6 Nxf6 11. Ne5 Bd7 12. Bxc6 Bxc6 13. Nxc6 bxc6 14. Nf3
Bd6 15. O-O O-O 16. Re1 Ne4 17. Be3 c5 18. Qc2 Rac8 19. Qe2 Rc7 20. Ng5 cxd4
21. Nxe6 dxe3 22. Nxf8 exf2+ 23. Kf1 fxe1=Q+ 24. Rxe1 0-1

[Event "Northern Michigan Open"]
[Site "Gaylord, MI"]
[Date "1997.07.19"]
[Round "2.9"]
[White "Pierson, John"]
[Black "Priebe, Raymond"]
[Result "1-0"]
[WhiteElo "1249"]
[BlackElo "1360"]
[PlyCount "39"]
[EventDate "1997.07.19"]

{2/(9)} 1. d4 Nf6 2. Nc3 e6 3. e4 Bb4 4. e5 Nd5 5. Qg4 O-O 6. Bh6 g6 7. Bxf8
Qxf8 8. Bd3 Nxc3 9. a3 Nd5+ 10. axb4 Qxb4+ 11. c3 Nxc3 12. bxc3 Qxc3+ 13. Ke2
Qxa1 14. h4 h5 15. Qg5 b6 16. Qd8+ Kh7 17. Nf3 Qa2+ 18. Ke3 Nc6 19. Ng5+ Kh6
20. Qh8# 1-0

[Event "Northern Michigan Open"]
[Site "Gaylord, MI"]
[Date "1997.07.19"]
[Round "3.9"]
[White "Pierson, John"]
[Black "Baker, Tom"]
[Result "1/2-1/2"]
[WhiteElo "1249"]
[BlackElo "1464"]
[PlyCount "82"]
[EventDate "1997.07.19"]

1. d4 e6 2. e4 d5 3. Nc3 Nf6 4. exd5 exd5 5. Bd3 Bd6 6. Bg5 Be6 7. Nf3 O-O 8.
O-O Nc6 9. Re1 h6 10. Bxf6 Qxf6 11. Bf1 a6 12. a3 Ne7 13. Ne2 Qg6 14. Ng3 f5
15. Ne5 Qg5 16. Qh5 Qxh5 17. Nxh5 Bc8 18. Nf4 g5 19. Nfg6 Nxg6 20. Nxg6 Rf7 21.
Re8+ Kg7 22. Ne5 Re7 23. Rxe7+ Bxe7 24. Re1 Kf6 25. Bd3 Bd6 26. g3 Be6 27. f4
gxf4 28. gxf4 Rg8+ 29. Kh1 h5 30. h4 Bxe5 31. dxe5+ Ke7 32. Be2 Rg3 33. Kh2 Re3
34. Kg2 Re4 35. Kf3 d4 36. Rg1 Bf7 37. b3 Re3+ 38. Kf2 Re4 39. Kf3 Re3+ 40. Kf2
Re4 41. Kf3 Re3+ 1/2-1/2

[Event "Northern Michigan Open"]
[Site "Gaylord, MI"]
[Date "1997.07.19"]
[Round "1.5"]
[White "Oesterreicher, Ronald"]
[Black "Kreger, David"]
[Result "1/2-1/2"]
[WhiteElo "1326"]
[BlackElo "1671"]
[PlyCount "120"]
[EventDate "1997.07.19"]

1. e4 Nc6 2. Nc3 e6 3. d4 d5 4. exd5 exd5 5. Nf3 Bf5 6. Bd3 Bg6 7. O-O Nf6 8.
Bg5 Be7 9. Re1 O-O 10. Qd2 a6 11. Re2 Bh5 12. Rxe7 Nxe7 13. Bxf6 gxf6 14. Qh6
Bg6 15. Nh4 Qd7 16. Qf4 Bxd3 17. cxd3 Qe6 18. Kf1 Ng6 19. Qg3 Kh8 20. Re1 Qd6
21. Nxg6+ hxg6 22. Qxd6 cxd6 23. Re7 b5 24. Nxd5 f5 25. Rb7 Rac8 26. Nc3 Kg7
27. Ke2 b4 28. Rxb4 Rb8 29. Rxb8 Rxb8 30. b3 Rh8 31. h3 Rc8 32. Kd2 g5 33. f3
Re8 34. Nd5 Rc8 35. Ne7 Rd8 36. Nxf5+ Kf6 37. Ne3 Ke6 38. Nc4 Kd5 39. Ne3+ Kxd4
40. Nf5+ Ke5 41. Ne3 Kf4 42. Nf1 Re8 43. d4 Re7 44. Kd1 d5 45. Kd2 Re6 46. Kd1
a5 47. Kd2 Re8 48. Kd1 a4 49. Kd2 Re7 50. Kd1 Ra7 51. Ke2 axb3 52. g3+ Kf5 53.
Ne3+ Ke6 54. axb3 Rb7 55. Ng4 Rxb3 56. Nf2 f5 57. Nd3 Ra3 58. f4 Kf6 59. fxg5+
Kxg5 60. Ke3 Rc3 1/2-1/2

[Event "Northern Michigan Open"]
[Site "Gaylord, MI"]
[Date "1997.07.19"]
[Round "3.4"]
[White "Oesterreicher, Ronald"]
[Black "Kelly, James"]
[Result "1/2-1/2"]
[WhiteElo "1326"]
[BlackElo "1661"]
[PlyCount "67"]
[EventDate "1997.07.19"]

1. e4 e5 2. Nf3 Nc6 3. Bb5 d6 4. Bxc6+ bxc6 5. O-O Nf6 6. d3 Be7 7. h3 O-O 8.
Re1 Re8 9. Bd2 Bd7 10. Bc3 Qc8 11. Nbd2 Bf8 12. Nc4 Bxh3 13. gxh3 Qxh3 14. Nh2
Nh5 15. Re3 Qh4 16. Qg4 Qxg4+ 17. Nxg4 Re6 18. Rh3 Nf4 19. Re3 Rg6 20. f3 h5
21. Kh2 hxg4 22. Rg1 Rh6+ 23. Kg3 Nh5+ 24. Kf2 g3+ 25. Rxg3 Nxg3 26. Kxg3 Re8
27. Re2 Ree6 28. Rg2 Be7 29. Kf2 Rh1 30. Ne3 d5 31. Ba5 Bh4+ 32. Ke2 g6 33. Nf1
Rf6 34. Bxc7 1/2-1/2

[Event "Northern Michigan Open"]
[Site "Gaylord, MI"]
[Date "1997.07.19"]
[Round "2.1"]
[White "Moody, David"]
[Black "Matias, I.C."]
[Result "1-0"]
[WhiteElo "2012"]
[BlackElo "1649"]
[PlyCount "97"]
[EventDate "1997.07.19"]

1. e4 e6 2. d4 d5 3. Nc3 Bb4 4. e5 c5 5. a3 Bxc3+ 6. bxc3 Ne7 7. Nf3 Nbc6 8. a4
Qa5 9. Bd2 c4 10. Be2 O-O 11. O-O Bd7 12. Qb1 Rab8 13. Qa2 b5 14. Bc1 b4 15.
cxb4 Nxb4 16. Qa3 Nec6 17. Qc3 Na6 18. Qxa5 Nxa5 19. Ba3 Rfc8 20. Bd6 Rb2 21.
Rfc1 Nb4 22. Rab1 Rxb1 23. Rxb1 Nxc2 24. Bd1 Bxa4 25. Rc1 Nxd4 26. Nxd4 Bxd1
27. Rxd1 Nb3 28. Nxb3 cxb3 29. Ba3 a5 30. Rc1 Rxc1+ 31. Bxc1 Kf8 32. Kf1 Ke8
33. Ke2 Kd7 34. Kd3 Kc6 35. Kc3 Kb5 36. Kxb3 d4 37. f4 a4+ 38. Kc2 Kc4 39. g4
d3+ 40. Kd2 Kd4 41. h3 Kc4 42. h4 g6 43. Bb2 h5 44. g5 Kb3 45. Bd4 Kc4 46. Ba1
a3 47. Bc3 Kb3 48. Kxd3 Ka2 49. Kc2 1-0

[Event "Northern Michigan Open"]
[Site "Gaylord, MI"]
[Date "1997.07.19"]
[Round "3.8"]
[White "Mitchell, Dave"]
[Black "Nixon, Peter"]
[Result "1/2-1/2"]
[WhiteElo "1259"]
[BlackElo "1477"]
[PlyCount "61"]
[EventDate "1997.07.19"]

1. e4 c5 2. Nc3 Nc6 3. g3 d6 4. Bg2 Nf6 5. d3 e6 6. Nge2 Be7 7. O-O Bd7 8. f4
Qc7 9. Be3 O-O-O 10. Nb5 Qb6 11. Nxd6+ Bxd6 12. e5 Nxe5 13. fxe5 Bxe5 14. Nc3
Bc6 15. Bxc6 Qxc6 16. Qf3 Qxf3 17. Rxf3 Bd4 18. Bxd4 cxd4 19. Nb5 a6 20. Na3 h5
21. Nc4 Kd7 22. Raf1 Ke7 23. a4 Rhf8 24. Ne5 Rd5 25. Nc4 b5 26. axb5 axb5 27.
Na3 Ra8 28. Kg2 b4 29. Nc4 Ra6 30. h3 Rc5 31. Rf4 1/2-1/2

[Event "Northern Michigan Open"]
[Site "Gaylord, MI"]
[Date "1997.07.19"]
[Round "1.7"]
[White "Mitchell, Dave"]
[Black "Matias, I.C."]
[Result "0-1"]
[WhiteElo "1259"]
[BlackElo "1649"]
[PlyCount "78"]
[EventDate "1997.07.19"]

1. e4 Nf6 2. e5 Nd5 3. d4 d6 4. Bc4 Nb6 5. Bb3 e6 6. Nf3 Be7 7. h4 Nc6 8. c3
dxe5 9. Nxe5 Nxe5 10. dxe5 Qxd1+ 11. Bxd1 O-O 12. Nd2 Nd5 13. Ne4 b6 14. Bg5
Bb7 15. Bxe7 Nxe7 16. Bf3 Rad8 17. Nf6+ gxf6 18. Bxb7 fxe5 19. Rd1 f5 20. Rxd8
Rxd8 21. Ke2 c6 22. Rd1 Rxd1 23. Kxd1 Kf7 24. a4 Kg6 25. Ba6 Kh5 26. g3 f4 27.
Be2+ Kg6 28. Bc4 Kf5 29. Ke2 Nd5 30. Bb3 Kg4 31. gxf4 exf4 32. h5 Kxh5 33. Kf3
Kg5 34. Bc2 h5 35. Bh7 Nf6 36. Bd3 e5 37. Be4 Nxe4 38. Kxe4 Kg4 39. Kxe5 Kf3
0-1

[Event "Northern Michigan Open"]
[Site "Gaylord, MI"]
[Date "1997.07.19"]
[Round "3.11"]
[White "Miller, Jess"]
[Black "Hogarth, Frank"]
[Result "1-0"]
[WhiteElo "1244"]
[BlackElo "1004"]
[PlyCount "51"]
[EventDate "1997.07.19"]

1. d4 Nf6 2. c4 e6 3. Nc3 Be7 4. Nf3 Na6 5. e3 c6 6. a3 c5 7. Bd3 Bd6 8. Ne4
Bc7 9. Neg5 O-O 10. Qc2 g6 11. e4 d6 12. e5 Nh5 13. O-O f5 14. Re1 Bd7 15. Bd2
Bc6 16. Nxe6 Qd7 17. Nxf8 Rxf8 18. e6 Qg7 19. d5 Be8 20. Qc1 f4 21. Bc3 Qh6 22.
Bc2 g5 23. Bd1 Bg6 24. Ba4 g4 25. Nh4 f3 26. Qxh6 1-0

[Event "Northern Michigan Open"]
[Site "Gaylord, MI"]
[Date "1997.07.19"]
[Round "1.9"]
[White "Miller, Jess"]
[Black "Baker, Derrick"]
[Result "0-1"]
[WhiteElo "1244"]
[BlackElo "1484"]
[PlyCount "86"]
[EventDate "1997.07.19"]

{1/(9)} 1. c4 Nf6 2. Nc3 g6 3. d4 Bg7 4. Nf3 d6 5. Bg5 O-O 6. e3 c5 7. Be2 Be6
8. O-O Nbd7 9. h3 Nb6 10. d5 Bf5 11. Bxf6 exf6 12. e4 Bd7 13. Rc1 Re8 14. Bd3
Rb8 15. Qd2 Na8 16. b3 Nc7 17. a4 Na6 18. Bc2 Nb4 19. Bd1 f5 20. exf5 Bxc3 21.
Rxc3 Bxf5 22. Ng5 h6 23. Nxf7 Kxf7 24. Qxh6 Qf6 25. Bg4 Qxc3 26. Bxf5 gxf5 27.
Qh5+ Kf6 28. Qh6+ Ke7 29. Qh7+ Kd8 30. Qxf5 Qe5 31. Qh7 Re7 32. Qg8+ Kc7 33.
Qg4 Rh8 34. Qd1 Rxh3 35. gxh3 Rg7+ 36. Kh1 Qe4+ 37. f3 Qh4 38. Qe2 Nd3 39. Qh2
Rg3 40. Rg1 Nf2+ 41. Qxf2 Rxh3+ 42. Kg2 Rh2+ 43. Kf1 Qxf2# 0-1

[Event "Northern Michigan Open"]
[Site "Gaylord, MI"]
[Date "1997.07.19"]
[Round "1.1"]
[White "McNamara, Ron"]
[Black "Moody, David"]
[Result "0-1"]
[WhiteElo "1424"]
[BlackElo "2012"]
[PlyCount "98"]
[EventDate "1997.07.19"]

1. d4 Nf6 2. e3 g6 3. Bd3 Bg7 4. f4 d6 5. Nf3 O-O 6. Nbd2 Nbd7 7. c3 e5 8. O-O
c5 9. Ne4 Nxe4 10. Bxe4 Nf6 11. Bc2 e4 12. Nd2 Qe7 13. Rf2 cxd4 14. exd4 e3 15.
Re2 Bg4 16. Nf3 Bxf3 17. gxf3 Nd5 18. Be4 Nxf4 19. Rxe3 Qg5+ 20. Kf1 Qg2+ 21.
Ke1 Qg1+ 22. Kd2 Qxh2+ 23. Ke1 Qg1+ 24. Kd2 Qf2+ 25. Re2 Nxe2 26. Qxe2 Bh6+ 27.
Kd1 Qxe2+ 28. Kxe2 Bxc1 29. Rxc1 Rfe8 30. Kd3 Re7 31. Rg1 Rae8 32. Rg4 h5 33.
Rg5 Kg7 34. Rg3 Kh6 35. Kc4 Rxe4 36. fxe4 Rxe4 37. Kd5 Re6 38. a4 g5 39. c4 h4
40. Rh3 Kh5 41. c5 dxc5 42. dxc5 g4 43. Rb3 g3 44. Rxb7 g2 45. Rxf7 Rg6 46. c6
g1=Q 47. c7 Qd1+ 48. Ke5 Qd6+ 49. Kf5 Qe6+ 0-1

[Event "Northern Michigan Open"]
[Site "Gaylord, MI"]
[Date "1997.07.19"]
[Round "3.5"]
[White "Matias, I.C."]
[Black "Ryskamp, John"]
[Result "1-0"]
[WhiteElo "1649"]
[BlackElo "1339"]
[PlyCount "75"]
[EventDate "1997.07.19"]

1. d4 e6 2. c4 Nf6 3. Nc3 Bb4 4. e3 Nc6 5. Nge2 d6 6. a3 Bxc3+ 7. Nxc3 e5 8. d5
Ne7 9. e4 O-O 10. Be2 c6 11. O-O Bd7 12. Be3 Ne8 13. Qd2 c5 14. f4 exf4 15.
Bxf4 Ng6 16. Bg3 Qe7 17. Rf2 Nf6 18. Raf1 h6 19. h3 Nh7 20. Bh5 Ng5 21. Bxg6
fxg6 22. Rxf8+ Rxf8 23. Rxf8+ Qxf8 24. e5 Bxh3 25. Qf4 Qxf4 26. Bxf4 dxe5 27.
Bxg5 hxg5 28. gxh3 Kf7 29. Ne4 g4 30. hxg4 b6 31. Kg2 Ke7 32. Kg3 Kf7 33. Kh4
Kg8 34. Kg5 Kf7 35. d6 a6 36. a4 a5 37. b3 Kf8 38. Kxg6 1-0

[Event "Northern Michigan Open"]
[Site "Gaylord, MI"]
[Date "1997.07.19"]
[Round "2.6"]
[White "Kreger, David"]
[Black "Crysler, Jerry"]
[Result "1-0"]
[WhiteElo "1671"]
[BlackElo "1444"]
[PlyCount "97"]
[EventDate "1997.07.19"]

1. d4 Nf6 2. c4 d6 3. Nc3 Nbd7 4. e4 c6 5. Be3 e5 6. d5 Be7 7. f3 Nf8 8. Bd3
Ng6 9. Nge2 Nh5 10. Qd2 c5 11. Bc2 h6 12. Ba4+ Bd7 13. Bxd7+ Qxd7 14. a3 O-O
15. Ng3 Bh4 16. O-O-O Nxg3 17. hxg3 Bxg3 18. Ne2 Bh4 19. g3 Bf6 20. Bxh6 Qe7
21. Be3 Rfb8 22. Nc3 Kf8 23. Qh2 Ke8 24. Bd2 Qd7 25. f4 Ke7 26. f5 Rh8 27. Qe2
Rxh1 28. Rxh1 Rh8 29. Rf1 Nf8 30. g4 Kd8 31. g5 Bxg5 32. Bxg5+ f6 33. Bd2 a6
34. Qg2 Kc7 35. Rg1 Rg8 36. Bh6 Nh7 37. Qg6 Nf8 38. Qh5 b5 39. cxb5 axb5 40.
Nxb5+ Qxb5 41. Qf7+ Nd7 42. Qxg8 Qc4+ 43. Kb1 Qxe4+ 44. Ka1 gxh6 45. Qa8 Qxf5
46. Qa5+ Kb7 47. Qb5+ Kc7 48. Rg8 Nb8 49. Qxb8+ 1-0

[Event "Northern Michigan Open"]
[Site "Gaylord, MI"]
[Date "1997.07.19"]
[Round "3.3"]
[White "Kreger, David"]
[Black "Brumley, Ron"]
[Result "1-0"]
[WhiteElo "1671"]
[BlackElo "1476"]
[PlyCount "65"]
[EventDate "1997.07.19"]

1. d4 d5 2. c4 dxc4 3. Nf3 Nf6 4. e3 Bg4 5. Bxc4 e6 6. O-O Nbd7 7. Nc3 c5 8. d5
exd5 9. Nxd5 Be7 10. Nxe7 Qxe7 11. Be2 O-O 12. h3 Bh5 13. b3 Rfd8 14. Nd2 Bxe2
15. Qxe2 Ne5 16. a4 b6 17. Ra2 Rd7 18. Bb2 Rad8 19. Ba1 Nd3 20. Nc4 Ne4 21. Qg4
f6 22. Re2 Rd5 23. f4 f5 24. Qf3 Qb7 25. g4 a6 26. Rg2 b5 27. axb5 axb5 28.
gxf5 bxc4 29. Rxg7+ Qxg7+ 30. Bxg7 Kxg7 31. Qxe4 c3 32. Qe7+ Kh6 33. Qg5# 1-0

[Event "Northern Michigan Open"]
[Site "Gaylord, MI"]
[Date "1997.07.19"]
[Round "1.6"]
[White "Kelly, James"]
[Black "Evans Jr., Thomas"]
[Result "1-0"]
[WhiteElo "1661"]
[BlackElo "1293"]
[PlyCount "87"]
[EventDate "1997.07.19"]

1. d4 e6 2. e3 d5 3. Bd3 Nf6 4. Ne2 Be7 5. O-O O-O 6. f4 c5 7. c3 Nc6 8. Nd2 c4
9. Bc2 Bd7 10. Ng3 Ne4 11. Ngxe4 dxe4 12. Nxe4 f5 13. Ng3 b5 14. e4 Nb8 15. Qe2
g6 16. Bd2 Rf7 17. a4 a6 18. axb5 Bxb5 19. Ba4 Nd7 20. Qf3 Nb6 21. Bxb5 axb5
22. exf5 exf5 23. Qc6 Rb8 24. Ra6 Rf6 25. Qf3 Qd5 26. Rxb6 Rd8 27. Qxd5+ Rxd5
28. Rxf6 Bxf6 29. Ra1 Rd7 30. Ra3 Bd8 31. Kf2 Kf7 32. Ne2 h6 33. Kf3 Kg7 34. h3
h5 35. g4 hxg4+ 36. hxg4 fxg4+ 37. Kxg4 Rd5 38. Ng3 Bc7 39. Ra7 Rd7 40. Ne4 Rf7
41. Nc5 Kg8 42. Ne6 Bd6 43. Ra8+ Bf8 44. d5 1-0

[Event "Northern Michigan Open"]
[Site "Gaylord, MI"]
[Date "1997.07.19"]
[Round "2.12"]
[White "Hogarth, Frank"]
[Black "Mitchell, Dave"]
[Result "0-1"]
[WhiteElo "1004"]
[BlackElo "1259"]
[PlyCount "60"]
[EventDate "1997.07.19"]

1. e4 d6 2. d4 Nf6 3. Nc3 c6 4. e5 dxe5 5. Nf3 exd4 6. Nxd4 e5 7. Qe2 Qxd4 8.
Be3 Qd8 9. Rd1 Qc7 10. Bd4 Bd6 11. h3 O-O 12. Ne4 Nxe4 13. Qxe4 exd4 14. Rxd4
Qa5+ 15. c3 Qe5 16. Bd3 Qxe4+ 17. Rxe4 Bf5 18. Rd4 Re8+ 19. Be2 Bc7 20. h4 Nd7
21. h5 Nc5 22. Kf1 Rad8 23. Rhh4 Rxd4 24. cxd4 Ne4 25. g4 Nd2+ 26. Kg1 Rxe2 27.
gxf5 Nf3+ 28. Kf1 Re1+ 29. Kg2 Nxh4+ 30. Kh3 Nxf5 0-1

[Event "Northern Michigan Open"]
[Site "Gaylord, MI"]
[Date "1997.07.19"]
[Round "1.11"]
[White "Gatesy, Matthew"]
[Black "Baker, Tom"]
[Result "0-1"]
[WhiteElo "1132"]
[BlackElo "1464"]
[PlyCount "82"]
[EventDate "1997.07.19"]

1. d4 e6 2. c4 d5 3. Nc3 Nf6 4. Bg5 Be7 5. Nf3 dxc4 6. e4 O-O 7. Bxc4 b6 8. O-O
Ba6 9. b3 h6 10. Bxf6 Bxf6 11. e5 Be7 12. Re1 Bb4 13. Rc1 Qc8 14. Qd3 Bb7 15.
d5 Rd8 16. Red1 Bxc3 17. Qxc3 exd5 18. Bd3 c5 19. Nh4 Qg4 20. g3 Re8 21. Re1
Nc6 22. Bc2 Nd4 23. Qd3 Nxc2 24. Rxc2 d4 25. Qf5 Qxf5 26. Nxf5 Re6 27. f4 f6
28. Nd6 Bc6 29. b4 Ba4 30. Rc4 d3 31. Ne4 Bb5 32. Rc3 c4 33. Nd2 Rc8 34. a3
fxe5 35. Rxe5 Rxe5 36. fxe5 Kf7 37. a4 Bxa4 38. Nxc4 Ke6 39. Ra3 Rxc4 40. Rxa4
d2 41. Ra1 Rc1+ 0-1

[Event "Northern Michigan Open"]
[Site "Gaylord, MI"]
[Date "1997.07.19"]
[Round "2.3"]
[White "Garrison, Ray"]
[Black "Revnell, Joseph"]
[Result "1-0"]
[WhiteElo "1923"]
[BlackElo "1514"]
[PlyCount "116"]
[EventDate "1997.07.19"]

1. d4 d5 2. Nf3 Nf6 3. Bf4 e6 4. Nbd2 Nbd7 5. h3 b6 6. e3 a6 7. Bd3 Bb7 8. Qe2
h6 9. h4 c5 10. c3 Be7 11. h5 c4 12. Bc2 b5 13. Ne5 Nxe5 14. dxe5 Nd7 15. Qg4
Bf8 16. Nf3 Qb6 17. Bg3 O-O-O 18. Nd4 Re8 19. O-O f6 20. Bg6 Re7 21. Nf3 fxe5
22. Nxe5 Nxe5 23. Bxe5 Rd7 24. Be8 Re7 25. Bg6 Bc6 26. Bd6 Rb7 27. Bxf8 Rxf8
28. Qxe6+ Bd7 29. Qxd5 Qf6 30. Be4 Ra7 31. Rad1 Rd8 32. Qd4 Qxd4 33. Rxd4 Bg4
34. Rxd8+ Kxd8 35. Bg6 Rd7 36. f3 Be6 37. Bc2 Rd2 38. Rd1 Rxd1+ 39. Bxd1 a5 40.
f4 Ke7 41. e4 Kf6 42. g4 b4 43. cxb4 axb4 44. a4 bxa3 45. bxa3 c3 46. e5+ Ke7
47. f5 Bd5 48. Kf2 Be4 49. a4 c2 50. Bxc2 Bxc2 51. a5 Bd1 52. a6 Ba4 53. Ke3
Bc6 54. Kf4 Kf7 55. g5 Ba8 56. e6+ Ke7 57. gxh6 gxh6 58. Ke5 Bf3 1-0

[Event "Northern Michigan Open"]
[Site "Gaylord, MI"]
[Date "1997.07.19"]
[Round "3.2"]
[White "Evans Sr., Thomas"]
[Black "Garrison, Ray"]
[Result "0-1"]
[WhiteElo "1970"]
[BlackElo "1923"]
[PlyCount "70"]
[EventDate "1997.07.19"]

1. e4 d5 2. exd5 Qxd5 3. Nc3 Qa5 4. Bc4 Nf6 5. Qf3 Nc6 6. Nge2 Ne5 7. Qf4 Nxc4
8. Qxc4 Be6 9. Qb5+ Qxb5 10. Nxb5 Kd8 11. d3 Bd7 12. a4 e5 13. Bg5 a6 14. Nbc3
Be7 15. Ne4 Nxe4 16. Bxe7+ Kxe7 17. dxe4 Rad8 18. Nc3 Bc6 19. b4 Rd4 20. b5
Bxe4 21. f3 Bxc2 22. Rc1 Bxa4 23. Nxa4 Rxa4 24. bxa6 Rxa6 25. Rxc7+ Kd6 26. Rc1
Rha8 27. O-O Ra2 28. Rfd1+ Ke6 29. Rb1 Rc2 30. Rb6+ Kf5 31. g4+ Kf4 32. Rxb7
Kxf3 33. Rxf7+ Kxg4 34. Rxg7+ Kf3 35. Rf1+ Ke2 {Remainder illegible} 0-1

[Event "Northern Michigan Open"]
[Site "Gaylord, MI"]
[Date "1997.07.19"]
[Round "1.2"]
[White "Evans Sr., Thomas"]
[Black "Avery, Bill"]
[Result "1-0"]
[WhiteElo "1970"]
[BlackElo "1393"]
[PlyCount "103"]
[EventDate "1997.07.19"]

1. e4 d6 2. f4 e5 3. Nf3 exf4 4. Bc4 Be6 5. Qe2 Nc6 6. d4 Bg4 7. c3 Bxf3 8.
Qxf3 Qh4+ 9. g3 Qe7 10. Bxf4 O-O-O 11. O-O f6 12. Bd5 Qd7 13. Nd2 Nge7 14. b4
Nxd5 15. exd5 Ne7 16. a4 h5 17. c4 h4 18. Ne4 hxg3 19. Bxg3 Ng6 20. Nc3 Be7 21.
c5 Qh3 22. Qf5+ Qxf5 23. Rxf5 Nh4 24. Rf2 g6 25. Nb5 a6 26. cxd6 cxd6 27. Nc3
Nf5 28. Re1 Rh7 29. Rc1 Kd7 30. Ne2 Nxg3 31. Nxg3 f5 32. Rfc2 Ke8 33. Rc7 Rd7
34. Rc8+ Bd8 35. Ne2 Rc7 36. Nf4 Rxc1+ 37. Rxc1 Bg5 38. Re1+ Kd7 39. Nxg6 Bh6
40. Kf2 Rf7 41. Re6 Bg7 42. Ke3 f4+ 43. Nxf4 Bxd4+ 44. Kxd4 Rxf4+ 45. Re4 Rf2
46. h4 Rd2+ 47. Kc4 b5+ 48. axb5 axb5+ 49. Kxb5 Rxd5+ 50. Ka6 Re5 51. Rxe5 dxe5
52. Kb5 1-0

[Event "Northern Michigan Open"]
[Site "Gaylord, MI"]
[Date "1997.07.19"]
[Round "1.12"]
[White "Crysler, Jerry"]
[Black "Hogarth, Frank"]
[Result "1-0"]
[WhiteElo "1444"]
[BlackElo "1004"]
[PlyCount "77"]
[EventDate "1997.07.19"]

1. Nf3 d6 2. d3 e5 3. Nbd2 Nc6 4. Ne4 Nce7 5. Ng3 Nf6 6. e4 d5 7. Nxe5 Bg4 8.
Nxg4 Ng6 9. Nxf6+ Qxf6 10. exd5 O-O-O 11. Be2 Rxd5 12. O-O Bd6 13. c4 Rd4 14.
Bg4+ Kb8 15. Ne4 Bxh2+ 16. Kxh2 Qh4+ 17. Bh3 Qd8 18. Nc5 Qd6+ 19. g3 Qxc5 20.
Be3 Rhd8 21. Bxd4 Qxd4 22. Bg2 Qd6 23. Kg1 Ne5 24. Qb3 b6 25. d4 Ng4 26. Qf3
Kc8 27. Qxg4+ Kb8 28. Qe4 Kc8 29. Rae1 Qf6 30. Qxh7 Qxd4 31. Rd1 Qf6 32. Rxd8+
Qxd8 33. Qxg7 Qe8 34. Qg4+ Kb8 35. Qe4 Qxe4 36. Bxe4 a6 37. f4 a5 38. g4 Ka7
39. g5 1-0

[Event "Northern Michigan Open"]
[Site "Gaylord, MI"]
[Date "1997.07.19"]
[Round "3.7"]
[White "Crysler, Jerry"]
[Black "Baker, Derrick"]
[Result "0-1"]
[WhiteElo "1444"]
[BlackElo "1484"]
[PlyCount "142"]
[EventDate "1997.07.19"]

1. Nf3 Nf6 2. d3 d6 3. e3 Bg4 4. Be2 g6 5. Nbd2 Bg7 6. d4 O-O 7. O-O Nbd7 8. h3
Bf5 9. Nh4 Be6 10. f4 c5 11. c3 cxd4 12. cxd4 Bd5 13. Bf3 Qc7 14. e4 Bc4 15.
Nxc4 Qxc4 16. Be3 e5 17. b3 Qb4 18. a3 Qb6 19. Qd3 Qd8 20. fxe5 dxe5 21. d5 Ne8
22. g3 Bf6 23. Ng2 Nd6 24. Bg4 Be7 25. Bh6 Re8 26. Qf3 Nf6 27. Rae1 Nxg4 28.
hxg4 Bg5 29. Bxg5 Qxg5 30. Rc1 Rac8 31. Rxc8 Rxc8 32. Qf6 Qxf6 33. Rxf6 Nxe4
34. Rf3 Rd8 35. Re3 Nf6 36. g5 Nd7 37. Kf2 Nb6 38. Rxe5 Rxd5 39. Rxd5 Nxd5 40.
Ne3 Nc3 41. Kf3 Nb1 42. Nc4 Kg7 43. Kf4 h6 44. gxh6+ Kxh6 45. g4 f6 46. a4 Kg7
47. a5 Nc3 48. Nd6 b6 49. a6 Kf8 50. Nc8 Nb5 51. Ke4 Ke8 52. Kd5 Kd7 53. Nxa7
Nxa7 54. b4 f5 55. g5 b5 56. Kc5 f4 57. Kd4 f3 58. Ke3 f2 59. Kxf2 Ke6 60. Kg3
Kf5 61. Kh4 Kf4 62. Kh3 Kxg5 63. Kg3 Kf5 64. Kf3 g5 65. Kg3 g4 66. Kg2 Kf4 67.
Kf2 g3+ 68. Kg2 Nc8 69. a7 Nxa7 70. Kf1 Kf3 71. Kg1 g2 0-1

[Event "Northern Michigan Open"]
[Site "Gaylord, MI"]
[Date "1997.07.19"]
[Round "2.5"]
[White "Brumley, Ron"]
[Black "Kelly, James"]
[Result "1-0"]
[WhiteElo "1476"]
[BlackElo "1661"]
[PlyCount "127"]
[EventDate "1997.07.19"]

1. d4 Nf6 2. Nf3 d5 3. c3 Bf5 4. Bg5 e6 5. e3 Bd6 6. Bd3 Nbd7 7. Bxf5 exf5 8.
Qc2 h6 9. Bh4 g5 10. Bg3 Bxg3 11. hxg3 Ne4 12. Nbd2 Ndf6 13. Ne5 Qd6 14. Nf1
Qe6 15. f3 Nd6 16. O-O-O O-O-O 17. Nd2 Nd7 18. Nd3 Nc4 19. Qa4 Kb8 20. Rde1 Qb6
21. Nxc4 dxc4 22. Qxc4 f6 23. Nf2 c5 24. g4 f4 25. dxc5 Nxc5 26. exf4 Nb3+ 27.
Qxb3 Qxf2 28. Qc2 Qg3 29. fxg5 Qf4+ 30. Kb1 Rd2 31. Re4 Qxg5 32. Rh5 Rxc2 33.
Rxg5 Rxg2 34. Rg7 Rd8 35. a3 Rd1+ 36. Ka2 a6 37. Ree7 Rdd2 38. Rxb7+ Ka8 39.
Rb6 f5 40. Rxa6+ Kb8 41. Rb6+ Ka8 42. Rh7 fxg4 43. fxg4 Rxg4 44. Rhxh6 Rgg2 45.
a4 Ka7 46. a5 Rd5 47. Rh7+ Ka8 48. a6 Rdd2 49. a7 Rd8 50. Rb8+ Rxb8 51. axb8=Q+
Kxb8 52. Ka3 Rc2 53. Kb3 Rc1 54. Kc4 Rc2 55. b4 Rc1 56. b5 Rb1 57. Kc5 Rb2 58.
b6 Rc2 59. c4 Re2 60. Kb5 Re8 61. c5 Re5 62. Ka6 Rxc5 63. Rh8+ Rc8 64. Rxc8+
1-0

[Event "Northern Michigan Open"]
[Site "Gaylord, MI"]
[Date "1997.07.19"]
[Round "2.4"]
[White "Baker, Tom"]
[Black "Walquist, Elaine"]
[Result "0-1"]
[WhiteElo "1464"]
[BlackElo "1745"]
[PlyCount "58"]
[EventDate "1997.07.19"]

{2/(4)} 1. e4 c5 2. Nf3 d6 3. d4 cxd4 4. Nxd4 Nf6 5. Nc3 a6 6. Be2 e5 7. Nb3
Be6 8. Be3 Be7 9. O-O O-O 10. h3 b5 11. a3 Nbd7 12. Nc1 Nb6 13. Nd3 Qc7 14. f3
d5 15. exd5 Nfxd5 16. Nxd5 Nxd5 17. Bf2 Rfd8 18. Qc1 Rac8 19. c3 h6 20. Qe1 Bf5
21. Nb4 Nf4 22. Rd1 Rxd1 23. Bxd1 Bxb4 24. axb4 Bd3 25. Bc5 Bxf1 26. Qxf1 Qd8
27. g3 Nd3 28. Be3 Nxb2 29. Bc2 Rxc3 0-1

[Event "Northern Michigan Open"]
[Site "Gaylord, MI"]
[Date "1997.07.19"]
[Round "2.2"]
[White "Baker, Derrick"]
[Black "Evans Sr., Thomas"]
[Result "0-1"]
[WhiteElo "1484"]
[BlackElo "1970"]
[PlyCount "132"]
[EventDate "1997.07.19"]

1. Nf3 e6 2. g3 d5 3. Bg2 Nc6 4. O-O Nf6 5. d3 Be7 6. Nbd2 h5 7. e4 Ng4 8. Re1
h4 9. exd5 hxg3 10. hxg3 exd5 11. Nf1 Be6 12. Ne3 Qd7 13. Nxg4 Bxg4 14. Kf1
O-O-O 15. c3 Qf5 16. d4 Bd6 17. Be3 Rde8 18. Rc1 Re6 19. Qc2 Qh5 20. Nh4 Rhe8
21. Bd2 g5 22. Nf5 Be2+ 23. Kg1 Rh8 24. Rxe2 Rxe2 25. Nxd6+ cxd6 26. Qf5+ Kb8
27. Qxg5 Qxg5 28. Bxg5 Rxb2 29. Bxd5 Rh5 30. Bxc6 bxc6 31. Be7 Kc7 32. Kg2 Rf5
33. Rf1 Rxa2 34. g4 Rb5 35. c4 Rb4 36. c5 Rxd4 37. cxd6+ Kd7 38. Kg3 c5 39. Rh1
c4 40. Rh8 c3 41. Rd8+ Ke6 42. Rc8 c2 43. Bg5 Rxd6 44. Re8+ Kd5 45. Rc8 Rc6 46.
Rd8+ Rd6 47. Rc8 Ke4 48. Rc4+ Kd5 49. Rc3 Rc6 50. Rd3+ Ke6 51. Re3+ Kd6 52.
Rd3+ Kc5 53. Rc3+ Kb5 54. Rb3+ Ka4 55. Rb7 f6 56. Rxa7+ Kb3 57. Rb7+ Kc4 58.
Be3 Ra1 59. Kf4 c1=Q 60. Bxc1 Rxc1 61. Kf5 Kd5 62. Rf7 Rf1 63. f4 Rc4 64. Kg6
Rfxf4 65. Rxf6 Rxf6+ 66. Kxf6 Rxg4 0-1